[Event "DEM U10 2022"]
[Site "Willingen GER"]
[Date "2022.06.10"]
[Round "10"]
[White "Hepp, Daniel"]
[Black "Fischermann, Simon"]
[Result "1/2-1/2"]
[Termination "normal"]
[Board "3"]
[WhiteElo "1468"]
[BlackElo "1344"]
[WhiteClock "00:21:36"]
[BlackClock "00:23:21"]
[PlyCount "87"]
[WhiteFideId "34608567"]
[BlackFideId "34620869"]
[EventCountry "GER"]
[EventRounds "11"]
[EventType "swiss"]
[EventDate "2022.06.04"]

1. d4 {[%clk 01:15:58]} {[%emt 00:00:01]} d5 {[%clk 01:15:59]} {[%emt
00:00:01]} 2. e3 {[%clk 01:16:18]} {[%emt 00:00:11]} Nf6 {[%clk 01:16:19]}
{[%emt 00:00:10]} 3. c3 {[%clk 01:16:04]} {[%emt 00:00:44]} e6 {[%clk
01:16:21]} {[%emt 00:00:28]} 4. Bd3 {[%clk 01:16:14]} {[%emt 00:00:20]} c5
{[%clk 01:16:06]} {[%emt 00:00:44]} 5. f4 {[%clk 01:16:03]} {[%emt 00:00:42]}
c4 {[%clk 01:15:25]} {[%emt 00:01:11]} 6. Bc2 {[%clk 01:16:23]} {[%emt
00:00:10]} Bd6 {[%clk 01:14:23]} {[%emt 00:01:31]} 7. Nd2 {[%clk 01:16:31]}
{[%emt 00:00:22]} O-O {[%clk 01:14:18]} {[%emt 00:00:35]} 8. Ngf3 {[%clk
01:16:24]} {[%emt 00:00:38]} b6 {[%clk 01:10:45]} {[%emt 00:04:03]} 9. O-O
{[%clk 01:16:03]} {[%emt 00:00:51]} Bb7 {[%clk 01:09:55]} {[%emt 00:01:19]} 10.
Ne5 {[%clk 01:15:56]} {[%emt 00:00:38]} Nfd7 {[%clk 01:09:37]} {[%emt
00:00:47]} 11. e4 {[%clk 01:10:41]} {[%emt 00:05:46]} Bxe5 {[%clk 01:07:06]}
{[%emt 00:03:00]} 12. fxe5 {[%clk 01:11:05]} {[%emt 00:00:07]} Nc6 {[%clk
00:54:39]} {[%emt 00:13:02]} 13. exd5 {[%clk 01:02:11]} {[%emt 00:09:24]} exd5
{[%clk 00:54:58]} {[%emt 00:00:10]} 14. Qf3 {[%clk 01:01:52]} {[%emt 00:00:50]}
Ne7 {[%clk 00:54:30]} {[%emt 00:00:57]} 15. Qh3 {[%clk 00:58:40]} {[%emt
00:03:43]} Ng6 {[%clk 00:54:26]} {[%emt 00:00:34]} 16. Bf5 {[%clk 00:52:32]}
{[%emt 00:06:38]} Bc8 {[%clk 00:49:25]} {[%emt 00:05:30]} 17. Nf3 {[%clk
00:43:44]} {[%emt 00:09:19]} Nb8 {[%clk 00:48:48]} {[%emt 00:01:07]} 18. Bxc8
{[%clk 00:42:36]} {[%emt 00:01:39]} Qxc8 {[%clk 00:48:20]} {[%emt 00:00:56]}
19. Qg3 {[%clk 00:40:37]} {[%emt 00:02:30]} Qc6 {[%clk 00:39:49]} {[%emt
00:09:50]} 20. Bf4 {[%clk 00:38:40]} {[%emt 00:02:28]} Nxf4 {[%clk 00:38:51]}
{[%emt 00:01:27]} 21. Qxf4 {[%clk 00:38:58]} {[%emt 00:00:13]} Nd7 {[%clk
00:37:22]} {[%emt 00:01:59]} 22. Rae1 {[%clk 00:34:53]} {[%emt 00:04:35]} Qb5
{[%clk 00:34:38]} {[%emt 00:03:13]} 23. Qd2 {[%clk 00:33:07]} {[%emt 00:02:16]}
Rae8 {[%clk 00:34:17]} {[%emt 00:00:52]} 24. Nh4 {[%clk 00:29:29]} {[%emt
00:04:08]} g6 {[%clk 00:29:45]} {[%emt 00:05:01]} 25. a3 {[%emt 00:01:32]} a5
{[%clk 00:28:34]} {[%emt 00:01:41]} 26. Nf3 {[%clk 00:27:24]} {[%emt 00:01:34]}
Kg7 {[%clk 00:28:18]} {[%emt 00:00:45]} 27. Rf2 {[%clk 00:27:30]} {[%emt
00:00:26]} h6 {[%clk 00:27:07]} {[%emt 00:01:40]} 28. h3 {[%clk 00:27:39]}
{[%emt 00:00:21]} Re6 {[%clk 00:27:12]} {[%emt 00:00:25]} 29. Nh2 {[%clk
00:27:04]} {[%emt 00:01:07]} h5 {[%clk 00:26:48]} {[%emt 00:00:52]} 30. Nf3
{[%clk 00:27:14]} {[%emt 00:00:21]} f6 {[%clk 00:26:24]} {[%emt 00:00:54]} 31.
exf6+ {[%clk 00:27:10]} {[%emt 00:00:34]} Rexf6 {[%clk 00:26:34]} {[%emt
00:00:20]} 32. Re7+ {[%clk 00:26:27]} {[%emt 00:01:14]} R6f7 {[%clk 00:25:41]}
{[%emt 00:01:22]} 33. Rxf7+ {[%clk 00:26:30]} {[%emt 00:00:27]} Rxf7 {[%clk
00:25:55]} {[%emt 00:00:16]} 34. Ng5 {[%clk 00:25:55]} {[%emt 00:01:06]} Rxf2
{[%clk 00:25:15]} {[%emt 00:01:09]} 35. Qxf2 {[%clk 00:26:17]} {[%emt
00:00:08]} Nf6 {[%clk 00:25:30]} {[%emt 00:00:16]} 36. Qe2 {[%clk 00:24:04]}
{[%emt 00:02:42]} Qe8 {[%clk 00:24:34]} {[%emt 00:01:26]} 37. Qxe8 {[%clk
00:21:56]} {[%emt 00:02:40]} Nxe8 {[%clk 00:24:54]} {[%emt 00:00:09]} 38. Kf2
{[%clk 00:21:50]} {[%emt 00:00:36]} Kf6 {[%clk 00:25:13]} {[%emt 00:00:11]} 39.
h4 {[%clk 00:22:04]} {[%emt 00:00:15]} Nd6 {[%clk 00:24:57]} {[%emt 00:00:46]}
40. Kf3 {[%clk 00:22:09]} {[%emt 00:00:25]} Kf5 {[%clk 00:24:43]} {[%emt
00:00:44]} 41. g3 {[%clk 00:21:51]} {[%emt 00:00:49]} b5 {[%clk 00:24:00]}
{[%emt 00:01:13]} 42. Nh3 {[%clk 00:21:43]} {[%emt 00:00:38]} Ne4 {[%clk
00:23:08]} {[%emt 00:01:21]} 43. Nf4 {[%clk 00:21:47]} {[%emt 00:00:27]} Nf6
{[%clk 00:23:21]} {[%emt 00:00:17]} 44. Ng2 {[%clk 00:21:36]} {[%emt 00:00:41]}
1/2-1/2

[Event "DEM U10 2022"]
[Site "Willingen GER"]
[Date "2022.06.10"]
[Round "10"]
[White "Thoms, Eric"]
[Black "Kutz, Paul Matti"]
[Result "1/2-1/2"]
[Termination "normal"]
[Board "15"]
[WhiteElo "1219"]
[BlackElo "1202"]
[WhiteClock "00:52:25"]
[BlackClock "01:08:27"]
[PlyCount "81"]
[WhiteFideId "34623450"]
[BlackFideId "16296265"]
[EventCountry "GER"]
[EventRounds "11"]
[EventType "swiss"]
[EventDate "2022.06.04"]

1. e4 {[%clk 01:15:58]} {[%emt 00:00:01]} e6 {[%clk 01:15:49]} {[%emt
00:00:12]} 2. d4 {[%clk 01:16:21]} {[%emt 00:00:06]} d5 {[%clk 01:16:07]}
{[%emt 00:00:12]} 3. Nc3 {[%clk 01:16:43]} {[%emt 00:00:09]} Bb4 {[%clk
01:16:15]} {[%emt 00:00:22]} 4. exd5 {[%clk 01:17:02]} {[%emt 00:00:11]} exd5
{[%clk 01:15:54]} {[%emt 00:00:51]} 5. Bd3 {[%clk 01:17:21]} {[%emt 00:00:11]}
Nf6 {[%clk 01:15:13]} {[%emt 00:01:11]} 6. Nge2 {[%clk 01:17:26]} {[%emt
00:00:24]} c5 {[%clk 01:15:22]} {[%emt 00:00:20]} 7. dxc5 {[%clk 01:16:41]}
{[%emt 00:01:14]} d4 {[%clk 01:15:20]} {[%emt 00:00:33]} 8. a3 {[%clk
01:16:58]} {[%emt 00:00:14]} Bxc5 {[%clk 01:15:36]} {[%emt 00:00:14]} 9. Ne4
{[%clk 01:17:09]} {[%emt 00:00:18]} Bb6 {[%clk 01:14:30]} {[%emt 00:01:36]} 10.
O-O {[%clk 01:16:26]} {[%emt 00:01:13]} Nc6 {[%clk 01:14:03]} {[%emt 00:00:57]}
11. Bg5 {[%clk 01:16:11]} {[%emt 00:00:45]} Be6 {[%clk 01:13:38]} {[%emt
00:00:56]} 12. N2g3 {[%clk 01:15:40]} {[%emt 00:01:00]} Qe7 {[%clk 01:11:50]}
{[%emt 00:02:18]} 13. Re1 {[%clk 01:15:30]} {[%emt 00:00:40]} h6 {[%clk
01:09:13]} {[%emt 00:03:07]} 14. Bd2 {[%clk 01:11:53]} {[%emt 00:04:07]} O-O
{[%clk 01:06:07]} {[%emt 00:03:37]} 15. Nxf6+ {[%clk 01:07:48]} {[%emt
00:04:34]} Qxf6 {[%clk 01:06:29]} {[%emt 00:00:09]} 16. Ne4 {[%clk 01:07:53]}
{[%emt 00:00:24]} Qe7 {[%clk 01:05:58]} {[%emt 00:01:01]} 17. Qh5 {[%clk
01:00:12]} {[%emt 00:08:11]} Bd8 {[%clk 01:04:54]} {[%emt 00:01:33]} 18. Nc5
{[%clk 00:52:54]} {[%emt 00:07:48]} Qh4 {[%clk 01:04:43]} {[%emt 00:00:40]} 19.
Qxh4 {[%clk 00:52:45]} {[%emt 00:00:39]} Bxh4 {[%clk 01:05:04]} {[%emt
00:00:09]} 20. g3 {[%clk 00:52:07]} {[%emt 00:01:09]} Bf6 {[%clk 01:04:31]}
{[%emt 00:01:04]} 21. Nxe6 {[%clk 00:52:20]} {[%emt 00:00:16]} fxe6 {[%clk
01:04:56]} {[%emt 00:00:04]} 22. Rxe6 {[%clk 00:52:17]} {[%emt 00:00:33]} Rfe8
{[%clk 01:05:08]} {[%emt 00:00:19]} 23. Rae1 {[%clk 00:52:21]} {[%emt
00:00:25]} Rxe6 {[%clk 01:05:21]} {[%emt 00:00:19]} 24. Rxe6 {[%clk 00:52:29]}
{[%emt 00:00:22]} Ne5 {[%clk 01:05:12]} {[%emt 00:00:38]} 25. Bf4 {[%clk
00:52:36]} {[%emt 00:00:22]} Kf7 {[%clk 01:05:21]} {[%emt 00:00:22]} 26. Rd6
{[%clk 00:52:30]} {[%emt 00:00:36]} Ke7 {[%clk 01:05:20]} {[%emt 00:00:31]} 27.
Bxe5 {[%clk 00:52:34]} {[%emt 00:00:27]} Bxe5 {[%clk 01:05:44]} {[%emt
00:00:06]} 28. Rd5 {[%clk 00:52:34]} {[%emt 00:00:29]} Bf6 {[%clk 01:06:04]}
{[%emt 00:00:12]} 29. Bf5 {[%clk 00:51:14]} {[%emt 00:01:49]} Rd8 {[%clk
01:06:12]} {[%emt 00:00:22]} 30. Rxd8 {[%clk 00:51:04]} {[%emt 00:00:39]} Kxd8
{[%clk 01:06:34]} {[%emt 00:00:09]} 31. b3 {[%clk 00:51:16]} {[%emt 00:00:18]}
Ke7 {[%clk 01:06:53]} {[%emt 00:00:10]} 32. Kf1 {[%clk 00:51:24]} {[%emt
00:00:21]} Kd6 {[%clk 01:07:10]} {[%emt 00:00:14]} 33. f3 {[%clk 00:51:30]}
{[%emt 00:00:24]} b6 {[%clk 01:07:29]} {[%emt 00:00:11]} 34. h4 {[%clk
00:51:18]} {[%emt 00:00:40]} Ke5 {[%clk 01:07:39]} {[%emt 00:00:21]} 35. Be4
{[%clk 00:51:33]} {[%emt 00:00:15]} Be7 {[%clk 01:07:37]} {[%emt 00:00:32]} 36.
a4 {[%clk 00:51:45]} {[%emt 00:00:18]} g5 {[%clk 01:07:25]} {[%emt 00:00:41]}
37. hxg5 {[%clk 00:51:58]} {[%emt 00:00:18]} hxg5 {[%clk 01:07:48]} {[%emt
00:00:07]} 38. g4 {[%clk 00:52:11]} {[%emt 00:00:17]} Kf4 {[%clk 01:08:09]}
{[%emt 00:00:09]} 39. Ke2 {[%clk 00:52:25]} {[%emt 00:00:16]} Bb4 {[%clk
01:08:09]} {[%emt 00:00:31]} 40. Kd3 {[%clk 00:52:29]} {[%emt 00:00:24]} Bc3
{[%clk 01:08:27]} {[%emt 00:00:13]} 41. Bc6 {[%clk 00:52:25]} {[%emt 00:00:34]}
1/2-1/2

[Event "DEM U10 2022"]
[Site "Willingen GER"]
[Date "2022.06.10"]
[Round "10"]
[White "Leonhardt, Max"]
[Black "Schmidt, Jossip"]
[Result "1-0"]
[Termination "normal"]
[Board "24"]
[WhiteElo "1114"]
[BlackElo "1085"]
[WhiteClock "01:18:37"]
[BlackClock "01:08:32"]
[PlyCount "77"]
[WhiteFideId "34623647"]
[BlackFideId "34621148"]
[EventCountry "GER"]
[EventRounds "11"]
[EventType "swiss"]
[EventDate "2022.06.04"]

1. d4 {[%clk 01:15:53]} {[%emt 00:00:06]} d5 {[%clk 01:15:40]} {[%emt
00:00:20]} 2. c4 {[%clk 01:16:11]} {[%emt 00:00:11]} e6 {[%clk 01:15:22]}
{[%emt 00:00:48]} 3. Nc3 {[%clk 01:16:33]} {[%emt 00:00:09]} Nf6 {[%clk
01:14:57]} {[%emt 00:00:55]} 4. Nf3 {[%clk 01:16:54]} {[%emt 00:00:09]} c6
{[%clk 01:14:26]} {[%emt 00:01:01]} 5. Bg5 {[%clk 01:16:47]} {[%emt 00:00:37]}
Nbd7 {[%clk 01:14:05]} {[%emt 00:00:51]} 6. e3 {[%clk 01:17:01]} {[%emt
00:00:15]} Qa5 {[%clk 01:14:08]} {[%emt 00:00:27]} 7. a3 {[%clk 01:16:46]}
{[%emt 00:00:46]} Ne4 {[%clk 01:12:34]} {[%emt 00:02:04]} 8. Qc2 {[%clk
01:16:13]} {[%emt 00:01:02]} Bb4 {[%clk 01:09:09]} {[%emt 00:03:56]} 9. Rc1
{[%clk 01:15:50]} {[%emt 00:00:53]} Bxc3+ {[%clk 01:08:30]} {[%emt 00:01:09]}
10. bxc3 {[%clk 01:16:07]} {[%emt 00:00:13]} Qxa3 {[%clk 01:07:53]} {[%emt
00:01:07]} 11. Bd3 {[%clk 01:16:15]} {[%emt 00:00:23]} O-O {[%clk 01:06:44]}
{[%emt 00:01:39]} 12. O-O {[%clk 01:16:20]} {[%emt 00:00:25]} Nef6 {[%clk
01:06:04]} {[%emt 00:01:10]} 13. c5 {[%clk 01:16:02]} {[%emt 00:00:48]} b6
{[%clk 01:05:51]} {[%emt 00:00:43]} 14. Ra1 {[%clk 01:16:10]} {[%emt 00:00:21]}
Qxa1 {[%clk 01:05:34]} {[%emt 00:00:47]} 15. Rxa1 {[%clk 01:16:32]} {[%emt
00:00:08]} Bb7 {[%clk 01:05:37]} {[%emt 00:00:27]} 16. Ne5 {[%clk 01:16:48]}
{[%emt 00:00:14]} h6 {[%clk 01:05:32]} {[%emt 00:00:36]} 17. Nxd7 {[%clk
01:16:37]} {[%emt 00:00:41]} Nxd7 {[%clk 01:05:46]} {[%emt 00:00:16]} 18. Bf4
{[%clk 01:16:51]} {[%emt 00:00:15]} Rfe8 {[%clk 01:05:42]} {[%emt 00:00:35]}
19. cxb6 {[%clk 01:16:38]} {[%emt 00:00:43]} Nxb6 {[%clk 01:05:53]} {[%emt
00:00:19]} 20. g4 {[%clk 01:16:41]} {[%emt 00:00:26]} g5 {[%clk 01:06:08]}
{[%emt 00:00:16]} 21. Bh7+ {[%clk 01:16:51]} {[%emt 00:00:20]} Kf8 {[%clk
01:06:19]} {[%emt 00:00:18]} 22. Bd6+ {[%clk 01:17:12]} {[%emt 00:00:09]} Kg7
{[%clk 01:06:29]} {[%emt 00:00:20]} 23. f4 {[%clk 01:17:22]} {[%emt 00:00:20]}
Nc4 {[%clk 01:06:28]} {[%emt 00:00:32]} 24. Be5+ {[%clk 01:17:37]} {[%emt
00:00:15]} Kf8 {[%clk 01:06:43]} {[%emt 00:00:15]} 25. fxg5 {[%clk 01:17:43]}
{[%emt 00:00:23]} hxg5 {[%clk 01:06:45]} {[%emt 00:00:28]} 26. h4 {[%clk
01:17:30]} {[%emt 00:00:43]} Nxe3 {[%clk 01:06:44]} {[%emt 00:00:32]} 27. Qe2
{[%clk 01:17:28]} {[%emt 00:00:31]} Nc4 {[%clk 01:06:42]} {[%emt 00:00:32]} 28.
hxg5 {[%clk 01:17:47]} {[%emt 00:00:12]} Ke7 {[%clk 01:07:06]} {[%emt
00:00:07]} 29. g6 {[%clk 01:17:50]} {[%emt 00:00:27]} fxg6 {[%clk 01:07:22]}
{[%emt 00:00:13]} 30. Bxg6 {[%clk 01:18:09]} {[%emt 00:00:11]} Rf8 {[%clk
01:07:25]} {[%emt 00:00:28]} 31. Rf1 {[%clk 01:17:58]} {[%emt 00:00:41]} Rg8
{[%clk 01:07:31]} {[%emt 00:00:23]} 32. Rf7+ {[%clk 01:18:03]} {[%emt
00:00:26]} Kd8 {[%clk 01:07:46]} {[%emt 00:00:14]} 33. Rxb7 {[%clk 01:18:14]}
{[%emt 00:00:19]} Rxg6 {[%clk 01:08:05]} {[%emt 00:00:12]} 34. Kh2 {[%clk
01:18:08]} {[%emt 00:00:35]} a5 {[%clk 01:08:05]} {[%emt 00:00:30]} 35. Rb8+
{[%clk 01:17:54]} {[%emt 00:00:44]} Rxb8 {[%clk 01:08:21]} {[%emt 00:00:14]}
36. Bxb8 {[%clk 01:18:16]} {[%emt 00:00:08]} Kc8 {[%clk 01:08:33]} {[%emt
00:00:18]} 37. Be5 {[%clk 01:18:32]} {[%emt 00:00:14]} a4 {[%clk 01:08:39]}
{[%emt 00:00:24]} 38. Qf3 {[%clk 01:18:37]} {[%emt 00:00:22]} Rg8 {[%clk
01:08:32]} {[%emt 00:00:39]} 39. Qf7 {[%emt 00:00:33]} 1-0

[Event "DEM U10 2022"]
[Site "Willingen GER"]
[Date "2022.06.10"]
[Round "10"]
[White "Meurer, Knut"]
[Black "Khanbekyan, Aram"]
[Result "0-1"]
[Termination "normal"]
[Board "28"]
[WhiteElo "998"]
[BlackElo "998"]
[PlyCount "104"]
[WhiteFideId "34623604"]
[BlackFideId "34606149"]
[EventCountry "GER"]
[EventRounds "11"]
[EventType "swiss"]
[EventDate "2022.06.04"]

1. d4 Nf6 2. Nf3 e6 3. Nc3 Bb4 4. Bd2 Bxc3 5. Bxc3 b6 6. e4 Nxe4 7. Bd3 Nxc3 8.
bxc3 Bb7 9. O-O O-O 10. Re1 d6 11. Rb1 Nd7 12. c4 c5 13. c3 Re8 14. Bc2 Nf6 15.
Ba4 Re7 16. Bc2 Ba6 17. Bd3 d5 18. Ne5 Qc7 19. Ra1 Nd7 20. Nxd7 Qxd7 21. Qc2
Kh8 22. a4 Bxc4 23. Bxh7 g6 24. Bxg6 fxg6 25. Qxg6 Rg7 26. Qh6+ Rh7 27. Qf6+
Qg7 28. Qxe6 Rg8 29. g3 Qh6 30. Qxh6 Rxh6 31. Re7 Rg7 32. Rxg7 Kxg7 33. a5 cxd4
34. cxd4 Re6 35. axb6 axb6 36. Ra7+ Kf6 37. f3 Re3 38. Rb7 Rxf3 39. Rxb6+ Kf5
40. Rb7 Ke4 41. h4 Rxg3+ 42. Kh2 Rg4 43. Kh3 Rg6 44. h5 Rh6 45. Kg4 Be2+ 46.
Kg5 Rxh5+ 47. Kf6 Kxd4 48. Rb4+ Kc5 49. Rb2 Bc4 50. Kg6 Rh3 51. Kg5 Rb3 52. Rc2
d4 0-1